37_香川県の市町村(ひらがな対応・五十音順) - Statistics

General Stats
  • This quiz has been taken 26 times
  • The average score is 16 of 17
Answer Stats
種類 市町村名 % Correct
坂出市
100%
さぬき市
100%
高松市
100%
丸亀市
100%
観音寺市
96%
善通寺市
96%
東かがわ市
96%
まんのう町
96%
宇多津町
91%
琴平町
91%
多度津町
91%
三木町
91%
小豆島町
87%
土庄町
87%
三豊市
87%
綾川町
83%
直島町
83%
No matching quizzes found
Score Distribution
Percent of People with Each Score
Percentile by Number Answered
Your Score History
You have not taken this quiz